The way to St. Ives / (Запис № 563728)

МАРК-запис
000 -LEADER
fixed length control field 01193pam a2200289 a 4500
001 - CONTROL NUMBER
control field waytostives00gern
003 - CONTROL NUMBER IDENTIFIER
control field CaSfIA
005 - DATE AND TIME OF LATEST TRANSACTION
control field 20210119110743.0
007 - PHYSICAL DESCRIPTION FIXED FIELD--GENERAL INFORMATION
fixed length control field cr||||
008 - FIXED-LENGTH DATA ELEMENTS--GENERAL INFORMATION
fixed length control field 820119s1982 nyu 000 1 eng
035 ## - SYSTEM CONTROL NUMBER
-- (DLC) 82000636
010 ## - LIBRARY OF CONGRESS CONTROL NUMBER
LC control number 82000636
020 ## - INTERNATIONAL STANDARD BOOK NUMBER
International Standard Book Number 0684174928 :
Terms of availability $13.95
040 ## - CATALOGING SOURCE
Original cataloging agency DLC
Transcribing agency DLC
Modifying agency DLC
-- CaSfIA
050 00 - LIBRARY OF CONGRESS CALL NUMBER
Classification number PS3557.E685
Item number W3 1982
082 00 - DEWEY DECIMAL CLASSIFICATION NUMBER
Classification number 813/.54
Edition number 19
100 1# - MAIN ENTRY--PERSONAL NAME
Personal name Gernes, Sonia.
245 14 - TITLE STATEMENT
Title The way to St. Ives /
Medium [electronic resource]
Statement of responsibility, etc Sonia Gernes.
260 ## - PUBLICATION, DISTRIBUTION, ETC. (IMPRINT)
Place of publication, distribution, etc New York :
Name of publisher, distributor, etc Scribner,
Date of publication, distribution, etc c1982.
300 ## - PHYSICAL DESCRIPTION
Extent 266 p. ;
Dimensions 22 cm.
506 ## - RESTRICTIONS ON ACCESS NOTE
Standardized terminology for access restriction Необхідна авторизація на https://archive.org/ (створення облікового запису безкоштовно)
506 ## - RESTRICTIONS ON ACCESS NOTE
Standardized terminology for access restriction Необхідна авторизація на https://openlibrary.org/ (створення облікового запису безкоштовно)
740 0# - ADDED ENTRY--UNCONTROLLED RELATED/ANALYTICAL TITLE
Uncontrolled related/analytical title Way to Saint Ives.
856 41 - ELECTRONIC LOCATION AND ACCESS
Uniform Resource Identifier <a href="http://www.archive.org/details/waytostives00gern">http://www.archive.org/details/waytostives00gern</a>
Public note Free eBook from the Internet Archive
856 42 - ELECTRONIC LOCATION AND ACCESS
Uniform Resource Identifier <a href="http://www.openlibrary.org/books/OL3481304M">http://www.openlibrary.org/books/OL3481304M</a>
Public note Additional information and access via Open Library
942 ## - ADDED ENTRY ELEMENTS (KOHA)
Koha item type ЕКнига

Немає доступних примірників.